00677nam a2200181 a 450000100100000000500170001000800410002702000180006804000250008608200160011110000300012724501150015726000330027230000210030550000550032650000730038150400410045400001482320200929163915.0100122s2007 pr a 001 0 spa d z9789976336140 aDO-SdBNPbspacBNPHU axxxxbA485m1 aAmarante, Héctord1944-10aSin murallas :bactualización diplomática Perú - República Dominicana, 1874-2007 /cHéctor Amarante. aPerú :bSan Marcos,c2007. a440 p. ;c24 cm. aIncluye datos biográficos del autor en la solapa aIncluye referencias bibliográficas y notas al pie de las páginas aIncluye bibliografía (p. 433 -435)